000 00756nam a2200205 i 4500
001 91118
003 ES-MaACL
005 20230906180639.0
007 t|
008 050127s1967 sp ||||1| spa d
100 1 _aLeonhardt, Fritz.
_971688
245 1 0 _aHormigón pretensado /
_cpor Fritz Leonhardt ; traducción por Alberto Corral ; supervisión de Juan Batanero.
260 _aMadrid :
_bInstituto Eduardo Torroja de la Construcción y del Cemento,
_c1967.
300 _aXXVIII, 762 p. :
_bil. ;
_c27 cm.
650 4 _aHormigón pretensado.
_9164180
700 1 _aCorral, Alberto.
_940703
700 1 _aBatanero, Juan.
_926404
710 2 _aInstituto Eduardo Torroja de la Construcción y del Cemento.
_95030
852 _aES-MaACL
_jC-32342
_bR.63215
999 _c91118
_d91118